Large Countries with Small Coastlines - Statistics

General Stats
  • This quiz has been taken 34 times
  • The average score is 12 of 21
Answer Stats
Score Country % Correct
115 Democratic Republic of the Congo
81%
53 Bosnia and Herzegovina
78%
81 Republic of the Congo
75%
98 Iraq
72%
79 Sudan
69%
50 Cameroon
66%
51 Kenya
66%
72 Algeria
59%
51 Togo
59%
59 Benin
56%
38 Tanzania
56%
40 Angola
53%
44 Romania
53%
62 Jordan
50%
50 Libya
50%
38 Bulgaria
47%
38 Belgium
44%
61 Mauritania
41%
40 Poland
41%
39 Namibia
38%
64 Syria
38%
No matching quizzes found
Score Distribution
Percent of People with Each Score
Percentile by Number Answered
Your Score History
You have not taken this quiz